| 000 | 00777nam a2200265 i 4500 | ||
|---|---|---|---|
| 001 | bg | ||
| 100 | 1 | _aUNOLT, Jerzy. | |
| 245 | 1 | 0 |
_aEkonomiczne problemy rynku pracy / _cJerzy Unolt. |
| 260 |
_aKatowice : _b"Śląsk", _c1999. |
||
| 300 |
_a138, [1] s. : _bmapy, wykr. ; _c21 cm. |
||
| 490 | 1 | _aBiblioteka Pracownika Socjalnego | |
| 504 | _aBibliogr. s. 135-138. | ||
| 650 | 9 |
_aBezrobocie _xteoria |
|
| 650 | 9 |
_aBezrobocie _zPolska _yod 1989 r. |
|
| 650 | 9 | _aSiła robocza | |
| 650 | 9 |
_aSiła robocza _xpolityka _zPolska _yod 1989 r. |
|
| 830 | _aBiblioteka Pracownika Socjalnego | ||
| 020 | _a8370604315 | ||
| 040 | _cBPK | ||
| 041 | 0 | _apl | |
| 080 | _a331.5(438)"1989/..." | ||
| 920 | _a83-7060-431-5 | ||
| 942 | _cKS | ||
| 008 | s pl f |000 0 pol | ||
| 999 |
_c34718 _d34718 |
||
| 856 |
_uhttp://koha.tu.koszalin.pl/cgi-bin/koha/opac-detail.pl?biblionumber=34718 _yKatalog online BPK |
||